| 000 | 00000nam 2200000zi 4500 |
| 001 | 9.939799 |
| 003 | CaOODSP |
| 005 | 20241127112631 |
| 006 | m o d f |
| 007 | cr bn||||||||| |
| 008 | 240625s1971 onca obt f000 0 eng d |
| 040 | |aCaOODSP|beng|erda|cCaOODSP |
| 041 | 0 |aeng|beng|bfre |
| 086 | 1 |aEn57-58/757-1971E-PDF |
| 100 | 1 |aNikleva, S., |eauthor. |
| 245 | 10|aCalculation of fire danger indices by computer / |cby S. Nikleva and L.E. Parent = Calcul par ordinateur des indices de risques d'incendie / par S. Nikleva et L.E. Parent. |
| 246 | 31|aCalcul par ordinateur des indices de risques d'incendie |
| 264 | 1|aDownsview, Ontario : |bEnvironment Canada, Atmospheric Environment Service, |c1971. |
| 300 | |a1 online resource (7 pages, 2 unnumbered pages) : |billustrations. |
| 336 | |atext|btxt|2rdacontent |
| 337 | |acomputer|bc|2rdamedia |
| 338 | |aonline resource|bcr|2rdacarrier |
| 490 | 1 |aTechnical memoranda, |x0708-2878 ; |vTEC 757 |
| 500 | |aISSN of series supplied from ISSN Portal. |
| 500 | |a"U.D.C. 551·509·58, 551·515·9: 634·0·43"--Cover. |
| 500 | |a"30 June 1971"--Cover. |
| 500 | |aDigitized edition from print [produced by Environment and Climate Change Canada]. |
| 504 | |aIncludes bibliographical references (page 7). |
| 520 | 3 |a"There will be an increasing future demand for fire danger indices to be included in fire weather forecasts. The use of a commercial time-sharing computer system to meet this requirement is described"--Abstract. |
| 546 | |aIncludes abstracts in English and French. |
| 650 | 0|aFire weather|xForecasting|xData processing. |
| 650 | 6|aTemps de feu de forêt|xPrévision|xInformatique. |
| 655 | 7|aTechnical reports|2lcgft |
| 655 | 7|aRapports techniques|2rvmgf |
| 710 | 1 |aCanada. |bAtmospheric Environment Service, |eissuing body. |
| 830 | #0|aTechnical memoranda (Canada. Atmospheric Environment Service)|vTEC 757.|w(CaOODSP)9.934501 |
| 856 | 40|qPDF|s316 KB|uhttps://publications.gc.ca/collections/collection_2024/eccc/en57/En57-58-757-1971-eng.pdf |